Mahendra Barthakurar soi dashakar nirbachita golpa (Record no. 3953)

MARC details
000 -LEADER
fixed length control field 00579cam a2200193ua 4500
008 - FIXED-LENGTH DATA ELEMENTS--GENERAL INFORMATION
fixed length control field 111219n ii |||gr||||Z||||||asm
040 ## - CATALOGING SOURCE
Transcribing agency MAIN
082 ## - DEWEY DECIMAL CLASSIFICATION NUMBER
Classification number 891.4513
100 1# - MAIN ENTRY--PERSONAL NAME
Personal name Parasar, Anubhav,
Relator term
245 11 - TITLE STATEMENT
Title Mahendra Barthakurar soi dashakar nirbachita golpa
Statement of responsibility, etc. ed. by Anubhav Parasar
250 ## - EDITION STATEMENT
Edition statement 2nd.
260 ## - PUBLICATION, DISTRIBUTION, ETC.
Place of publication, distribution, etc. Guwahati:
Name of publisher, distributor, etc. Chintamoni Prakashan,
Date of publication, distribution, etc. 2005.
300 ## - PHYSICAL DESCRIPTION
Extent 248p:
Other physical details ill;
Dimensions 23cm.
700 1# - ADDED ENTRY--PERSONAL NAME
Personal name Gopal, Jalan,
Relator term
942 ## - ADDED ENTRY ELEMENTS (KOHA)
Koha item type Books
653 ## - INDEX TERM--UNCONTROLLED
Uncontrolled term Assamese short stories
653 ## - INDEX TERM--UNCONTROLLED
Uncontrolled term Mahendra Barthakurar soi dashakar nirbachita golpa
Holdings
Withdrawn status Lost status Damaged status Not for loan Home library Current library Shelving location Date acquired Total Checkouts Full call number Barcode Date last seen Copy number Price effective from Koha item type
        Central Library, Naharkatiya College Central Library, Naharkatiya College General Stacks 19/09/2020   891.4513 | MAH 16863 19/09/2020 1 19/09/2020 Books

Naharkatiya College © 2020. All rights reserved.

Powered By